Anand's Law of compromises, (Record no. 68390)

MARC details
000 -LEADER
fixed length control field 00630cam a22002291 4500
001 - CONTROL NUMBER
control field sa 66002471
003 - CONTROL NUMBER IDENTIFIER
control field DLC
005 - DATE AND TIME OF LATEST TRANSACTION
control field 20260227112229.0
008 - FIXED-LENGTH DATA ELEMENTS--GENERAL INFORMATION
fixed length control field 770519s1965 ii 000 0 eng
010 ## - LIBRARY OF CONGRESS CONTROL NUMBER
LC control number sa 66002471
035 ## - SYSTEM CONTROL NUMBER
System control number (OCoLC)2979653
040 ## - CATALOGING SOURCE
Original cataloging agency DLC
Transcribing agency FU-L
Modifying agency DLC
042 ## - AUTHENTICATION CODE
Authentication code premarc
050 00 - LIBRARY OF CONGRESS CALL NUMBER
Classification number KNS3755
Item number .A953 1965
100 1# - MAIN ENTRY--PERSONAL NAME
Personal name Anand, R. L.
Fuller form of name (Ram Lal),
Dates associated with a name 1890-
245 00 - TITLE STATEMENT
Title Anand's Law of compromises,
Statement of responsibility, etc. by S. K. Agrawal.
250 ## - EDITION STATEMENT
Edition statement 2d ed.
260 ## - PUBLICATION, DISTRIBUTION, ETC.
Place of publication, distribution, etc. Allahabad,
Name of publisher, distributor, etc. Law Book Co.,
Date of publication, distribution, etc. 1965.
300 ## - PHYSICAL DESCRIPTION
Extent xxx, 333 p.
Dimensions 22 cm.
650 #0 - SUBJECT ADDED ENTRY--TOPICAL TERM
Topical term or geographic name entry element Compromise (Law)
Geographic subdivision India.
700 1# - ADDED ENTRY--PERSONAL NAME
Personal name Agrawal, S. K.,
Relator term editor.

No items available.

Powered by Koha